Passionfruit - Drake (All Lyrics) - Statistics

General Stats
  • This quiz has been taken 354 times
  • The average score is 145 of 227
Answer Stats
Lyrics % Correct
a
96%
I
95%
you
92%
you,
92%
on,
84%
on
84%
the
84%
from
80%
away
79%
no,
79%
no
79%
thing
78%
miles
77%
say
77%
hold
74%
listen
74%
that
74%
with
74%
got
73%
for
72%
things
72%
my
71%
passionate
71%
passive
69%
we
69%
fallin'
68%
fallin'
67%
now
67%
apart,
66%
apart
66%
this
66%
can't
64%
cant
64%
get
64%
up
64%
'cause
63%
fuck
63%
to
63%
passin'
61%
seein'
61%
i'm
58%
shit
58%
drinks
57%
we're
57%
better
56%
blame
56%
just
56%
lot
55%
record
55%
sound
55%
of
54%
addiction
53%
ritualistic
53%
whole
53%
some
52%
goin'
51%
soul
51%
old
50%
us
50%
ways
50%
motherfuckin'
49%
it
48%
between
47%
more
47%
distance
46%
like
45%
pick
45%
start
45%
still
45%
tension
45%
over
43%
y'all
43%
you're
43%
cleansin'
42%
i'll
42%
issues
42%
leavin'
42%
mention
42%
think
42%
don't
41%
even
41%
won't
40%
doing
39%
wait
39%
fences
38%
out
38%
minute
37%
should
37%
again,
36%
pieces,
36%
play
36%
rule
36%
trust
36%
leave
35%
commitment
34%
yeah
33%
buildin'
32%
keep
31%
motherfucker
30%
picket
30%
they
30%
harder
28%
right
24%
i'ma
22%
trying
21%
ayy,
13%
um,
11%
No matching quizzes found
Score Distribution
Percent of People with Each Score
Percentile by Number Answered
Your Score History
You have not taken this quiz